01542nam a22002417a 4500003000900000008004100009040007100050082002500121110005500146245006800201260003300269300002900302440006800331505065600399650002501055650002401080650002401104700002901128700002401157700003301181700003101214710005501245AR-CdUCM190425b ||||| |||| 00| 0 spa d aMUNICIPALIDAD PROVINCIAL DEL CUSCOcBIBLIOTECA MUNICIPAL DEL CUSCO aRev.Univ/N°117/1959 aUniversidad Nacional de San Antonio Abad del Cusco aRevista Universitaria :bÓrgano de la Universidad del Cuzco / aCusco :b H.G. Rozas,c1959. a427 páginas. :c20 cm. aRevista UniversitarianAño XLVIII, 2° semestre 1959, N°117. aContenido: Descubramos nuestra América. Alfredo Yépez Miranda. -- Documentos sobre Manuel y Dionisio Inca Yupanqui. Daniel Valcárcel. -- Auca Tusuy o la danza guerrera. Policarpo Caballero. -- Notas para la determinación de formas. Basilides Antenor Calero. -- Experimentación agrícola en papas. Gustavo Núñez del Prado Tio. -- La tasación de bienes para el efecto de la imposición del impuesto a las sucesiones. Gustavo Palacio Pimentel. -- Un ensayo de economía en La Convención. Isaac Tupayachi. -- Notas sobre los micromamíferos del Perú. Ismael Ceballos Bendezú. -- El problema de minoridad antisocial y delincuente. aEconomía campesina aFolklore cusqueño aFrontera agrícola aYépez Miranda, Alfredo aValcárcel, Daniel aNúñez del Prado, Gustavo aCeballos Bendezú, Ismael aUniversidad Nacional de San Antonio Abad del Cusco